00315cam a22001097a 4500008004000000082001800040100001500058245004400073260003500117300000900152650004400161180718b1956 xxu||||| |||| 00| 0 eng d aA99 Ed28/R259 aRees- Mogg aSir Anthony Edencby William Rees- Mogg aLondonbSalisbury Squarec1956 a116p aEden, Anthony, Earl of Avon, 1897-1977.